书目信息 |
| 题名: |
意大利 Enjoy
|
|
| 作者: | 尹庆珉 著 ;肖凤一 译 | |
| 分册: | ||
| 出版信息: | 桂林 广西师范大学出版社 2013 |
|
| 页数: | 343页 | |
| 开本: | 24cm | |
| 丛书名: | Enjoy系列丛书 | |
| 单 册: | ||
| 中图分类: | K954.69 | |
| 科图分类: | ||
| 主题词: | 旅游指南--意大利 | |
| 电子资源: | ||
| ISBN: | 978-7-5495-3592-7 | |
| 000 | 00827nam0 2200277 450 | |
| 001 | 337769 | |
| 005 | 20150601085225.14 | |
| 010 | @a978-7-5495-3592-7@dCNY68.00 | |
| 100 | @a20131025d2013 em y0chiy50 ea | |
| 101 | 1 | @achi@ckor |
| 102 | @aCN@b450000 | |
| 105 | @aa z 000yy | |
| 106 | @ar | |
| 200 | 1 | @a意大利 Enjoy@Ayi da li Enjoy@f(韩) 尹庆珉著@g肖凤一译 |
| 210 | @a桂林@c广西师范大学出版社@d2013 | |
| 215 | @a343页@c彩图@d24cm | |
| 225 | 1 | @aEnjoy系列丛书 |
| 330 | @a本书从初体验、推荐观光线路、地区旅行等方面对意大利进行了详细地介绍。 | |
| 410 | 0 | @12001 @aEnjoy系列丛书 |
| 510 | 1 | @aEnjoy Italy@zeng |
| 606 | 0 | @a旅游指南@y意大利 |
| 690 | @aK954.69@v5 | |
| 701 | 0 | @c(韩)@a尹庆珉@Ayin qing min@4著 |
| 702 | 0 | @a肖凤一@Axiao feng yi@4译 |
| 801 | 0 | @aCN@b卓展宏图@c20150525 |
| 905 | @dK954.69@e308@f5 | |
| 意大利 Enjoy/(韩) 尹庆珉著/肖凤一译.-桂林:广西师范大学出版社,2013 |
| 343页:彩图;24cm.-(Enjoy系列丛书) |
| ISBN 978-7-5495-3592-7:CNY68.00 |
| 本书从初体验、推荐观光线路、地区旅行等方面对意大利进行了详细地介绍。 |
| ● |
| 相关链接 |
|
|
|
|
正题名:意大利 Enjoy
索取号:K954.69/308
 
预约/预借
| 序号 | 登录号 | 条形码 | 馆藏地/架位号 | 状态 | 备注 |
| 1 | 856037 | 208560378 | 第二样本阅览室/ [索取号:K954.69/308] | 在馆 | |
| 2 | 856038 | 208560387 | 第二借阅区/ [索取号:K954.69/308] | 在馆 | |
| 3 | 856039 | 208560396 | 密集书库-资源管理系/ [索取号:K954.69/308] | 在馆 | |
| 4 | 856040 | 208560403 | 第二借阅区/ [索取号:K954.69/308] | 在馆 | |
| 5 | 856041 | 208560412 | 第二借阅区/ [索取号:K954.69/308] | 在馆 |